000 00663cab a2200253 4500
001 X2131
008 090401t1995 xxu||||| |||| 00| 0 eng d
035 _a(Sirsi) u21946
041 _aeng
100 _aEgger, K.
245 4 _aThe survey of the Gotthard base tunnel
260 _c1995
350 _a0
490 _aSurveying World
_v3(3) March 1995, 18-21(4)
520 _aLooks at the railway tunnel through the Swiss Alps.
650 _aGOTTHARD BASE
650 _aSWITZERLAND
650 _aTUNNELLING
650 _aTUNNELS
690 _aBUILT ENVIRONMENT
690 _aBUILDING AND CONSTRUCTION-PROJECTS
942 _n0
948 _c04/03/1997
999 _c14705
_d14705